Co często zostawiamy w taksówce? - Statystyki

Ogólne statystyki
  • Ten quiz został rozwiązany 9 razy
  • Średni wynik to 3 z 6
Statystyki odpowiedzi
Hint Odpowiedź % Poprawnych
3. Telefon
100%
4. Portfel
88%
2. Klucze
63%
1. Parasolkę
38%
6. Pieniądze
38%
5. Rękawiczki
13%
Nie znaleziono quizów pasujących do podanych kryteriów
Rozkład punktacji
Procent ludzi z każdym wynikiem
Percentyl według liczby udzielonych odpowiedzi
Twoja historia wyników
Nie rozwiązałeś tego quizu